| 000 | 00600nam a2200229Ia 4500 | ||
|---|---|---|---|
| 003 | OSt | ||
| 005 | 20221006160641.0 | ||
| 006 | a|||||r|||| 00| 0 | ||
| 007 | ta | ||
| 008 | 221006b |||||||| |||| 00| 0 kor d | ||
| 024 | _a45,918 | ||
| 037 |
_bGift, KCC (Window on Korea) _cAudio |
||
| 040 |
_aEASL _cEASL _bkor |
||
| 041 |
_2kor _akor |
||
| 082 | _aCD00343-358 | ||
| 245 | 0 | _aKorean Culture | |
| 300 |
_ap. _ccm. |
||
| 490 | _vV. 1: Hangukyinyi Jungyiran? V.5 KCD | ||
| 650 | _aCD | ||
| 942 |
_hCD00343-358 _cAUD _2CC |
||
| 999 |
_c1114010 _d1114010 |
||